chiffre rapidité - Statistiques

Statistiques générales
  • Ce quiz a été pris 195 fois
  • Le résultat moyen est 28 sur 30
Statistiques - réponses
question réponse % Correct
8 8
97%
1 1
96%
7 7
96%
0 0
95%
1 1
95%
2 2
95%
3 3
95%
6 6
95%
0 0
94%
1 1
94%
3 3
94%
4 4
94%
4 4
94%
4 4
94%
5 5
94%
5 5
94%
6 6
94%
6 6
94%
7 7
94%
8 8
94%
8 8
94%
9 9
94%
0 0
93%
2 2
93%
2 2
93%
2 2
93%
3 3
93%
4 4
93%
5 5
93%
8 8
93%
0 0
92%
1 1
92%
3 3
92%
5 5
92%
6 6
92%
9 9
92%
9 9
92%
9 9
92%
7 7
91%
7 7
91%
Aucun quiz correspondant
Distribution des résultats
% des personnes avec chaque résultat
Percentile par nombre de réponses
Votre historique - résultats
Vous n’avez pas pris ce quiz